000 00863nas a2200277 4500
001 BR0000799
003 BR-BrBNA
005 20231205101740.0
007 ta
008 230509b bl.|||p| |||| 00| 00por d
040 _aBR-BrBNA
_bpor
_cBiblioteca Nacional de Agricultura
041 _a(Pt)
072 _aL53
100 1 _aRetamal, C.
100 1 _aThiebaut, P.
100 1 _aLopez, M.L.
100 1 _aAlves, W.E.
245 1 _aCaracterizacao parcial de uma proteina de massa molecular 20.000 presente em espermatozoide ejaculados de garanhao
650 _aEquino
650 _aEspermatozoide
650 _aProteina
650 _aFisiologia Animal
773 0 _tRevista Brasileira de Reproducao Animal (Brazil)
_xISSN 0102-0803
_g(Jul-Sep 1999), v. 23(3) p. 234-235
_wBR0000799
909 _a202311
_bLúcia
_c55
_dLúcia Elande
942 _2AGRIS
_n0
_cANA
999 _c163646
_d163646